[Event "Runavik op"]
[Site "Runavik"]
[Date "2016.11.27"]
[Round "9"]
[White "Bertholdsen, Bjarki"]
[Black "Kakulidis, Ellen"]
[Result "1/2-1/2"]
[WhiteElo "1365"]
[BlackElo "1877"]
[PlyCount "92"]
[EventDate "2016.11.21"]
[EventType "swiss"]
[EventRounds "9"]
[EventCountry "FAI"]
[SourceTitle "CBM 175 Extra"]
[Source "ChessBase"]
[SourceDate "2016.12.12"]
[SourceVersion "1"]
[SourceVersionDate "2016.12.12"]
[SourceQuality "1"]

1. e4 c5 2. Nf3 e6 3. d4 cxd4 4. Nxd4 Nc6 5. Be3 Qc7 6. Bc4 a6 7. Bb3 Nf6 8. Nd2 Bd6 9. c3 b6 10. Nxc6 Qxc6 11. Qc2 Ng4 12. Nc4 Bc7 13. f3 Nxe3 14. Nxe3 b5 15. Ng4 h5 16. Nf2 Bb7 17. Nd3 Qb6 18. Qf2 Qd6 19. Qe2 Qe7 20. Qe3 Qh4+ 21. Qf2 Qf6 22. Qd2 h4 23. 0-0-0 Bc6 24. Kb1 a5 25. Rhe1 Bxh2 26. f4 Bg3 27. Re2 0-0 28. Rf1 d6 29. e5 dxe5 30. Nxe5 Rad8 31. Qe3 Bd5 32. Bc2 g6 33. Rd2 Bc4 34. Nxc4 bxc4 35. Rxd8 Rxd8 36. Qc5 Bxf4 37. Qxa5 e5 38. Qc5 Qe6 39. Ba4 Rd2 40. Rf2 Qf5+ 41. Ka1 Rxf2 42. Qxf2 e4 43. Qxh4 Bg5 44. Qe1 e3 45. Bd1 Qc5 46. Be2 f5 1/2-1/2

[Event "FAI-chT2 1213"]
[Site "Faroe Islands"]
[Date "2013.01.19"]
[Round "6.4"]
[White "Bertholdsen, Bjarki"]
[Black "Hojgaard, Brandur"]
[Result "0-1"]
[WhiteElo "1000"]
[BlackElo "1750"]
[PlyCount "62"]
[EventDate "2012.10.28"]
[EventType "team-tourn"]
[EventRounds "10"]
[EventCountry "FAI"]
[SourceTitle "EXT 2014"]
[Source "ChessBase"]
[SourceDate "2013.11.20"]
[SourceVersion "1"]
[SourceVersionDate "2013.11.20"]
[SourceQuality "1"]
[WhiteTeam "Klaksvik III"]
[BlackTeam "Toftir"]
[WhiteTeamCountry "FAI"]
[BlackTeamCountry "FAI"]

1. e4 c5 2. Nf3 Nc6 3. Bc4 e6 4. d3 Be7 5. 0-0 d6 6. Nbd2 a6 7. Re1 Na5 8. Bb3 Nxb3 9. axb3 Nf6 10. Nf1 0-0 11. Ng3 b6 12. Bg5 Bb7 13. h3 Nd7 14. Qd2 f6 15. Be3 Qc7 16. c4 Ne5 17. Nxe5 dxe5 18. f4 exf4 19. Bxf4 Bd6 20. e5 fxe5 21. Bxe5 Bxe5 22. Qe3 Bd4 23. Kh2 Bxe3 24. Rxe3 Rf2 25. Rb1 Rxg2+ 26. Kh1 Rxg3+ 27. Re4 Rxh3+ 28. Kg2 Qg3+ 29. Kf1 Rf8+ 30. Ke2 Qxd3+ 31. Ke1 Rh1# 0-1

[Event "FAI-chT2 1213"]
[Site "Faroe Islands"]
[Date "2012.10.28"]
[Round "1.4"]
[White "Joensen, Helgi"]
[Black "Bertholdsen, Bjarki"]
[Result "1-0"]
[WhiteElo "1805"]
[BlackElo "1000"]
[PlyCount "103"]
[EventDate "2012.10.28"]
[EventType "team-tourn"]
[EventRounds "10"]
[EventCountry "FAI"]
[SourceTitle "EXT 2014"]
[Source "ChessBase"]
[SourceDate "2013.11.20"]
[SourceVersion "1"]
[SourceVersionDate "2013.11.20"]
[SourceQuality "1"]
[WhiteTeam "Toftir"]
[BlackTeam "Klaksvik III"]
[WhiteTeamCountry "FAI"]
[BlackTeamCountry "FAI"]

1. d4 d5 2. c4 Nc6 3. e3 Nf6 4. Nf3 e6 5. Nc3 Bb4 6. a3 Bxc3+ 7. bxc3 0-0 8. Bd3 dxc4 9. Bxc4 Ne7 10. 0-0 Ng6 11. Qc2 Re8 12. Bd3 b6 13. e4 e5 14. d5 Bg4 15. Nd2 c5 16. Bb5 Bd7 17. a4 a6 18. Bxd7 Qxd7 19. Nc4 b5 20. Nb6 Qg4 21. f3 Qh5 22. Nxa8 Rxa8 23. axb5 a5 24. b6 Nd7 25. b7 Rb8 26. Rxa5 Rxb7 27. Ra8+ Ndf8 28. Be3 c4 29. Rc8 h6 30. Rxc4 Nh4 31. Qf2 Rb8 32. g4 Nxf3+ 33. Qxf3 Qg6 34. Qf5 Qxf5 35. gxf5 Nd7 36. Kg2 Rb2+ 37. Rf2 Nb6 38. Bxb6 Rxb6 39. Rc8+ Kh7 40. Rd2 Rd6 41. c4 g6 42. c5 Rd7 43. d6 gxf5 44. Rc7 Rd8 45. Rxf7+ Kg8 46. Rxf5 Kh7 47. d7 Rg8+ 48. Kh3 Rd8 49. c6 Kg6 50. c7 Rxd7 51. c8Q Rxd2 52. Qg8# 1-0